Most Popular Boys Names in Maryland - Statistics

General Stats
  • This quiz has been taken 108 times
  • The average score is 8 of 17
Answer Stats
Hint Answer % Correct
1980 James
67%
first appeared 1980 Michael
64%
1980 David
55%
1984 Matthew
53%
2005 William
53%
1998 Jacob
50%
2003 Andrew
49%
1980 Christopher
49%
1993 Ryan
47%
2010 Noah
45%
1988 Joshua
41%
1986 Robert
41%
1980 Jason
37%
2010 Ethan
36%
1995 Nicholas
35%
2011 Mason
23%
2009 Jayden
16%
No matching quizzes found
Score Distribution
Percent of People with Each Score
Percentile by Number Answered
Your Score History
You have not taken this quiz